[Event "ROM-ch U08"]
[Site "Baile Felix"]
[Date "2017.02.02"]
[Round "1"]
[White "Pachita, David"]
[Black "Celmare, Radu Constantin"]
[Result "0-1"]
[WhiteElo "1001"]
[BlackElo "1075"]
[PlyCount "24"]
[EventDate "2017.02.02"]
[EventType "swiss"]
[EventRounds "9"]
[EventCountry "ROU"]
[SourceTitle "CBM 176 Extra"]
[Source "ChessBase"]
[SourceDate "2017.03.02"]
[SourceVersion "1"]
[SourceVersionDate "2017.03.02"]
[SourceQuality "1"]

1. e4 e6 2. Bb5 Bc5 3. Nf3 c6 4. 0-0 cxb5 5. Ne5 Qf6 6. Re1 Bxf2+ 7. Kh1 Bxe1 8. Qxe1 Qxe5 9. Kg1 Qd4+ 10. Kh1 Nf6 11. c3 Qc5 12. Qd1 Qc7 0-1